Scotland's youngest house buyers are in Midlothian (Record no. 83472)
[ view plain ]
| 000 -LEADER | |
|---|---|
| fixed length control field | 00958cab a22002055a 4500 |
| 001 - CONTROL NUMBER | |
| control field | E154060 |
| 008 - FIXED-LENGTH DATA ELEMENTS--GENERAL INFORMATION | |
| fixed length control field | 111010e20111008xxk 000 0 eng u |
| 035 ## - SYSTEM CONTROL NUMBER | |
| System control number | (Sirsi) u154060 |
| 041 0# - LANGUAGE CODE | |
| Language code of text/sound track or separate title | eng |
| 110 2# - MAIN ENTRY--CORPORATE NAME | |
| Corporate name or jurisdiction name as entry element | Bank of Scotland |
| 9 (RLIN) | 5792 |
| 245 00 - TITLE STATEMENT | |
| Title | Scotland's youngest house buyers are in Midlothian |
| Medium | [electronic resource] |
| 260 ## - PUBLICATION, DISTRIBUTION, ETC. | |
| Date of publication, distribution, etc. | 2011 |
| 490 ## - SERIES STATEMENT | |
| Series statement | Bank of Scotland Press Release |
| Volume/sequential designation | 8 October 2011 |
| 520 ## - SUMMARY, ETC. | |
| Summary, etc. | The average age of first time buyers in Scotland is lowest in Midlothian, at 27, although there is relatively little difference across the country, with the average Scottish first time buyer being 28 years old. |
| 590 ## - LOCAL NOTE (RLIN) | |
| Local note | KA |
| 651 #4 - SUBJECT ADDED ENTRY--GEOGRAPHIC NAME | |
| Geographic name | Scotland |
| Chronological subdivision | 1999- |
| 690 ## - LOCAL SUBJECT ADDED ENTRY--TOPICAL TERM (OCLC, RLIN) | |
| Topical term or geographic name as entry element | PROPERTY-RESIDENTIAL PROPERTY-DOMESTIC RESIDENTIAL PROPERTY-HOUSING |
| 856 40 - ELECTRONIC LOCATION AND ACCESS | |
| Uniform Resource Identifier | <a href="https://www.lloydsbankinggroup.com/media/pdfs/bos/2011/081011youngest_house_buyers_Midlothian.pdf">https://www.lloydsbankinggroup.com/media/pdfs/bos/2011/081011youngest_house_buyers_Midlothian.pdf</a> |
| Public note | View the news release free of charge at www.lloydsbankinggroup.com... |
| 942 ## - ADDED ENTRY ELEMENTS (KOHA) | |
| Suppress in OPAC | 0 |
| Withdrawn status | Lost status | Source of classification or shelving scheme | Damaged status | Not for loan | Home library | Current library | Shelving location | Date acquired | Total Checkouts | Full call number | Barcode | Date last seen | Copy number | Price effective from | Koha item type |
|---|---|---|---|---|---|---|---|---|---|---|---|---|---|---|---|
| Dewey Decimal Classification | Virtual | Virtual | Online | 10/10/2011 | ONLINE PUBLICATION | 154060-1001 | 06/08/2019 | 1 | 06/08/2019 | Book |